000
00272nam a2200109Ia 4500
008
200302s9999 xx 000 0 und d
100
_a
S. R. Karve
245
_a
Handbook of Reinforced Concrete Design
260
_b
Structures Publishers
260
_c
1997
300
_a
424 P.,
999
_c
1061
_d
1061